| 000 | 01841cam a22005294i 4500 | ||
|---|---|---|---|
| 003 | PE-LiUPU | ||
| 005 | 20250731165603.0 | ||
| 008 | 150625s2006 sp a rb 000 0 spa d | ||
| 020 | _a8474859174 | ||
| 035 | _a(Sirsi) i9788474859171 | ||
| 040 |
_aPE-LiUPU _bspa _cPE-LiUPU _erda |
||
| 049 | _aPRUA | ||
| 082 | 0 | 4 |
_a220.6303 _bD _221 |
| 245 | 0 | 0 |
_aDiccionario interdisciplinar de Hermenéutica / _cdirigido por Andrés Ortiz-Osés y Patxi Lanceros. |
| 250 | _a5a | ||
| 264 | 1 |
_aBilbao : _bIniversidad de Deusto, _c2006. |
|
| 300 |
_a652 páginas : _bilustraciones ; _c24 centímetros |
||
| 336 |
_atext _2rdacontent |
||
| 337 |
_aunmediated _2rdamedia |
||
| 338 |
_avolume _2rdacarrier |
||
| 504 | _aIncluye bibliografía. | ||
| 505 | 0 | _aDiccionario: A-Y. | |
| 526 | _aSEG44 | ||
| 526 | _aSEG26 | ||
| 526 | _aP151 | ||
| 526 | _aP150 | ||
| 526 | _aP149 | ||
| 526 | _aP146 | ||
| 526 | _aP145 | ||
| 526 | _aP126 | ||
| 526 | _aP125 | ||
| 526 | _aP92 | ||
| 526 | _aP75 | ||
| 526 | _aP74 | ||
| 526 | _aP27 | ||
| 526 | _aP15 | ||
| 650 | 0 | 4 |
_aHermenéutica _vDiccionarios. |
| 700 | 1 | _aGadamer, Hans Georg1900-2002. | |
| 700 | 1 |
_aLanceros, Patxi1962- , _edirector. |
|
| 700 | 1 |
_aOrtiz-Osés, Andrés, _d1943- , _edirector. |
|
| 942 |
_2ddc _cBOOK |
||
| 949 |
_aRC 220.6303 D _wDEWEY _c1 _i59225 _d2015-11-3 _lCCODEBUL1 _mBUL _q1 _r0 _sY _tBOOK _u2015-6-25 _xTEOLOGIA _PP35 _0COMPRA _o.CIRCNOTE. No olvidar cambiar la fecha de devolución!!!!!!! _o.STAFF. Colección General |
||
| 994 |
_aC0 _bPEPRU |
||
| 596 | _a1 | ||
| 999 |
_aRC 220.6303 D _wDEWEY _c48025 _i59225 _d48025 _f2021-11-8 _g6 _lCCODEBUL1 _mBUL _p20.00 _q4 _r1 _sY _tBOOK _u2015-6-25 _xTEOLOGIA _PP35 _0COMPRA _o.CIRCNOTE. No olvidar cambiar la fecha de devolución!!!!!!! _o.STAFF. Colección Teología |
||
| 980 |
_81 _gALBERTO SANCHEZ Responsable de Automatización |
||